Squadre con più partecipazioni in Serie A per Regione - Statistics

Statistiche generali
  • Questo quiz è stato fatto 1.311 volte
  • Il punteggio medio è 15 su 16
Statistiche sulle risposte
Regione Stagioni in Serie A Squadra % Corretto
Lombardia 1929- Inter
99%
Piemonte 1929-2006, 2007- Juventus
99%
Toscana 1931-1938, 1939-1993, 1994-2002, 2004- Fiorentina
98%
Campania 1929-1942, 1946-1948, 1950-1961, 1962-1963, 1965-1998, 2000-2001, 2007- Napoli
98%
Lazio 1929-1951, 1952- Roma
98%
Sardegna 1964-1976, 1979-1983, 1990-1997, 1998-2000, 2004-2015, 2016-2022, 2023- Cagliari
97%
Liguria 1946-1966, 1967-1977, 1982-1998, 2002-2011, 2012-2023 Sampdoria
97%
Puglia 1931-1933, 1935-1941, 1942-1950, 1958-1961, 1963-1964, 1969-1970, 1985-1986, 1989-1992, 1994-1996, 1997-2001, 2009-2011 Bari
96%
Emilia-Romagna 1929-1982, 1988-1991, 1996-2005, 2008-2014, 2015- Bologna
96%
Sicilia 1932-1936, 1948-1954, 1956-1957, 1959-1960, 1961-1963, 1968-1970, 1972-1973, 2004-2013, 2014-2017 Palermo
96%
Friuli-Venezia Giulia 1950-1955, 1956-1962, 1979-1987, 1989-1990, 1992-1994, 1995- Udinese
95%
Veneto 1956-1957, 1967-1974, 1975-1979, 1982-1990, 1991-1992, 1996-1997, 1999-2002, 2013-2016, 2017-2018, 2019- Hellas Verona
94%
Umbria 1975-1981, 1996-1997, 1998-2004 Perugia
84%
Abruzzo 1977-1978, 1979-1980, 1987-1989, 1992-1993, 2012-2013, 2016-2017 Pescara
82%
Calabria 1999-2001, 2002-2009 Reggina
73%
Marche 1974-1976, 1978-1985, 1986-1990, 1991-1992, 2005-2007 Ascoli
68%
Nessun quiz corrispondente trovato
Distribuzione punteggi
Percentuale di utenti per punteggio
Percentile per numero di risposta
I tuoi punteggi nel tempo
Non hai fatto questo quiz